|
|
|
|
| LEADER |
00000cam a2200000 7i4500 |
| 001 |
0000046322 |
| 005 |
20150324.0 |
| 008 |
24032015 |
| 090 |
0 |
0 |
|a 801.92
|b PEN
|
| 245 |
0 |
0 |
|a Penulisan kreatif :
|b kumpulan esei penceramah
|c diselenggarakan oleh Ayob Yamin dan Hamzah Hamdani
|
| 260 |
|
|
|a Kuala Lumpur :
|b Dewan Bahasa dan Pustaka ,
|c 1980
|
| 650 |
|
0 |
|a Malay literature
|
| 700 |
0 |
|
|a Ayob Yamin
|
| 700 |
0 |
|
|a Hamzah Hamdani
|
| 999 |
|
|
|a 0000021821
|b Book
|c Adult Collection
|e Cawangan Pontian
|
| 999 |
|
|
|a 000021819
|b Book
|c Adult Collection
|e Cawangan Muar
|
| 999 |
|
|
|a 000021823
|b Book
|c Adult Collection
|e Cawangan Muar
|